000 01023ngm a22003370a 4500
001 PT47753
003 AR-LpoUNG
005 20210202000027.0
007 vd cvaizq
008 191001s2010||||ag |||||||||||||||||spa d
037 _c$2,50
040 _aAR-LpoUNG
_bspa
_cAR-LpoUNG
_eaacr
041 _aspa
044 _aag
082 0 _a982.03 183his
100 1 _aCamiletti, Sebastián
_edir
245 1 0 _aHistoria de un bicentenario :
_b1810-2010
260 _aBuenos Aires :
_bArgentum,
_c2010.
300 _aDVD (55 min.) : son., col.
505 0 _aInvestigación histórica: Sebastián Camiletti.
520 _a"Historia de un Bicentenario" es un documental que intenta conocer y reflexionar la Historia Argentina a partir de los festejos del Bicentenario realizados el 25 de Mayo del 2010.
650 4 _aARGENTINA
650 4 _aHISTORIA
650 4 _aREVOLUCION
653 _aCINE ARGENTINO
653 _aDOCUMENTALES
653 _aDVD
653 _aVIDEOS
905 _a47753
942 _cDVD
999 _c53972
_d53972